| 000 | 01056nam a2200277 a 4500 | ||
|---|---|---|---|
| 003 | DO-SdBNP | ||
| 005 | 20260305073950.0 | ||
| 007 | ta | ||
| 008 | 100120s 2008 dr 000 spa d | ||
| 020 | _a9789993442851 | ||
| 040 |
_aDO-SdBNP _bspa _cBNPHU |
||
| 082 | 4 |
_a972.9 _bM938h _222 |
|
| 100 | 1 |
_aMoya Pons, Frank, _d1944- _92095 |
|
| 245 | 1 | 0 |
_aHistoria del Caribe : _bazúcar y plantaciones en el mundo atlántico / _cFrank Moya Pons |
| 260 |
_aSanto Domingo : _cBúho, _b2008. |
||
| 300 |
_a540 p. ; _c23 cm. |
||
| 500 | _aIncluye datos biográficos del autor en las solapas e índice | ||
| 504 | _aBibliografía : p. 435-517 | ||
| 590 | _aInventariado, 2021/BT | ||
| 650 | 0 |
_aIndustria azucarera _zCaribe (Región) _xHistoria _97298 |
|
| 650 | 7 |
_aEsclavitud _zCaribe (Región) _xHistoria _913499 _2LEMB |
|
| 651 | 7 |
_aRepública Dominicana _xCondiciones económicas _xHistoria _2LEMB _91210 |
|
| 651 | 0 |
_aCaribe (Región) _xCondiciones económicas _xHistoria _2LEMB _987401 |
|
| 910 | _aBtavárez. Validado. Control de calidad MFF | ||
| 942 |
_2ddc _cLBS1 |
||
| 999 |
_c14333 _d14333 |
||